Photo-guide to the constellations : (Record no. 7150)
[ view plain ]
| 000 -LEADER | |
|---|---|
| fixed length control field | 00944cam a2200277 a 4500 |
| 001 - CONTROL NUMBER | |
| control field | 37567170 |
| 003 - CONTROL NUMBER IDENTIFIER | |
| control field | OCoLC |
| 005 - DATE AND TIME OF LATEST TRANSACTION | |
| control field | 20190122205818.0 |
| 008 - FIXED-LENGTH DATA ELEMENTS--GENERAL INFORMATION | |
| fixed length control field | 970808s1998 enka bf 001 0 eng |
| 010 ## - LIBRARY OF CONGRESS CONTROL NUMBER | |
| LC control number | 97029324 |
| 015 ## - NATIONAL BIBLIOGRAPHY NUMBER | |
| National bibliography number | GB98-66769 |
| 020 ## - INTERNATIONAL STANDARD BOOK NUMBER | |
| International Standard Book Number | 3540762035 (pbk. : alk. paper) |
| 040 ## - CATALOGING SOURCE | |
| Original cataloging agency | DLC |
| Transcribing agency | DLC |
| Modifying agency | UKM |
| -- | OHX |
| -- | OCL |
| -- | CIN |
| 050 00 - LIBRARY OF CONGRESS CALL NUMBER | |
| Classification number | QB63 |
| Item number | .K47 1998 |
| 072 #7 - SUBJECT CATEGORY CODE | |
| Subject category code | QB |
| Source | lcco |
| 082 00 - DEWEY DECIMAL CLASSIFICATION NUMBER | |
| Classification number | 523.8 |
| Edition number | 21 |
| Item number | K62p |
| 100 1# - MAIN ENTRY--PERSONAL NAME | |
| Personal name | Kitchin, C. R. |
| Fuller form of name | (Christopher R.) |
| 245 10 - TITLE STATEMENT | |
| Title | Photo-guide to the constellations : |
| Remainder of title | a self-teaching guide to finding your way around the heavens / |
| Statement of responsibility, etc. | Chris Kitchin |
| 260 ## - PUBLICATION, DISTRIBUTION, ETC. | |
| Place of publication, distribution, etc. | London ; |
| -- | New York : |
| Name of publisher, distributor, etc. | Springer, |
| Date of publication, distribution, etc. | c1998 |
| 300 ## - PHYSICAL DESCRIPTION | |
| Extent | x, 149 p. : |
| Other physical details | ill. ; |
| Dimensions | 25 cm |
| 440 #0 - SERIES STATEMENT/ADDED ENTRY--TITLE | |
| Title | Practical astronomy |
| 504 ## - BIBLIOGRAPHY, ETC. NOTE | |
| Bibliography, etc. note | Includes bibliographical references (p. 143-144) and index |
| 650 #0 - SUBJECT ADDED ENTRY--TOPICAL TERM | |
| Topical term or geographic name entry element | Constellations |
| Form subdivision | Observers' manuals |
| 650 #0 - SUBJECT ADDED ENTRY--TOPICAL TERM | |
| Topical term or geographic name entry element | Constellations |
| General subdivision | Pictorial works |
| Form subdivision | Handbooks, manuals, etc |
| 942 ## - ADDED ENTRY ELEMENTS (KOHA) | |
| Source of classification or shelving scheme | Dewey Decimal Classification |
| Koha item type | Books |
| Withdrawn status | Lost status | Source of classification or shelving scheme | Damaged status | Not for loan | Collection code | Home library | Current library | Shelving location | Date acquired | Cost, normal purchase price | Total Checkouts | Full call number | Barcode | Date last seen | Price effective from | Koha item type |
|---|---|---|---|---|---|---|---|---|---|---|---|---|---|---|---|---|
| Dewey Decimal Classification | Non-fiction | Harvest Mission College | Harvest Mission College | General Stacks | 22.01.2019 | 2000.00 | 523.8 K62p | 008110 | 22.01.2019 | 22.01.2019 | Books |
